000 00464nam a2200145Ia 4500
008 100122s9999 xx 000 0 und d
082 _b13128
_a823
100 _aकवठेकर दत्त र
245 _aआभाळाची सावली
260 _bकुलकर्णी ग्रंथगार
_c1965
300 _a396
630 _aआभाळाची सावली
730 _aआभाळाची सावली
942 _cBOOK
999 _c404009
_d404006